| 000 | 00442nam a2200181Ia 4500 | ||
|---|---|---|---|
| 003 | 0100 | ||
| 008 | 130303s9999 xx 000 0 und d | ||
| 040 | _cARRUPELIB | ||
| 050 | _aBS2555.2.F71968 | ||
| 100 | _aFreyne, Sean | ||
| 245 | 4 | _aThe Twelve, Disciples and Apostles | |
| 245 | _bA Study in the theology of the first three gospels | ||
| 260 | _aLondon | ||
| 260 | _bSheed Ward | ||
| 260 | _C1968 | ||
| 300 | _a278p | ||
| 942 | 0 | 0 | _01 |
| 999 |
_c36420 _d36420 |
||